[Event "26th Klatovy B 2018"]
[Site "Klatovy CZE"]
[Date "2018.07.01"]
[Round "2.44"]
[White "Vavrousek, Petr"]
[Black "Studenovsky, Jaroslav"]
[Result "1-0"]
[WhiteElo "1686"]
[BlackElo "1233"]
[PlyCount "61"]
[EventDate "2018.06.30"]
[EventType "swiss"]
[EventRounds "9"]
[EventCountry "CZE"]

1. e4 e6 2. d4 d5 3. Nc3 dxe4 4. Nxe4 Bd7 5. Bd3 Bc6 6. Nf3 Nd7 7. O-O Ngf6 8. Neg5 Be7 9. c4 h6 10. Nh3 Ng4 11. Nf4 Ngf6 12. Ne5 Be4 13. Bxe4 Nxe4 14. Nxe6 Qc8 15. Nxg7+ Kf8 16. Nf5 Nxe5 17. Nxe7 Qe6 18. dxe5 Kxe7 19. Qd5 Qxd5 20. cxd5 Rad8 21. f3 Nc5 22. Rd1 Rd7 23. b4 Na4 24. Be3 Nc3 25. Bc5+ Kd8 26. Rd3 Ne2+ 27. Kf2 Nf4 28. Rd2 b6 29. e6 fxe6 30. Bd4 Rxd5 31. Bf6+ 1-0

[Event "26th Klatovy B 2018"]
[Site "Klatovy CZE"]
[Date "2018.07.01"]
[Round "2.45"]
[White "Vojir, Vaclav 2005"]
[Black "Kubat, Zbynek"]
[Result "1/2-1/2"]
[WhiteElo "1225"]
[BlackElo "1681"]
[PlyCount "155"]
[EventDate "2018.06.30"]
[EventType "swiss"]
[EventRounds "9"]
[EventCountry "CZE"]

1. d4 d5 2. Nc3 e6 3. Nf3 Nf6 4. e3 a6 5. Bd3 c5 6. O-O c4 7. Be2 Qc7 8. Bd2 Nbd7 9. Qc1 Bd6 10. h3 b5 11. b3 Bb7 12. bxc4 bxc4 13. Rb1 O-O 14. Ra1 Rfd8 15. Rb1 Rab8 16. Bd1 Bc6 17. a3 Rxb1 18. Qxb1 Bxa3 19. Qa2 Bd6 20. Be2 a5 21. Ra1 Ra8 22. Rb1 h6 23. Nb5 Bxb5 24. Rxb5 c3 25. Bc1 Ra7 26. Ba3 Bxa3 27. Qxa3 Ne4 28. Bd3 Rb7 29. Rxb7 Qxb7 30. Qxa5 Qb1+ 31. Kh2 Qb8+ 32. Kg1 Qb1+ 33. Kh2 Nxf2 34. Qxc3 Nxd3 35. cxd3 Qb7 36. Qc2 Kf8 37. e4 f6 38. e5 Qb8 39. Qe2 Kf7 40. g4 Qb4 41. Kg3 Ke7 42. Qe3 Qb8 43. Kg2 Qf8 44. Nh4 Qf7 45. Nf3 Qg6 46. Kg3 Qf7 47. h4 Nb8 48. g5 hxg5 49. hxg5 Nd7 50. Qf4 fxe5 51. Qxf7+ Kxf7 52. dxe5 Nb8 53. d4 Nc6 54. Kg4 Ne7 55. Nh4 g6 56. Nf3 Nf5 57. Kh3 Ke7 58. Kg2 Kd7 59. Kf2 Ke7 60. Ke2 Ng3+ 61. Kd2 Ne4+ 62. Kc2 Kd7 63. Kb3 Ke7 64. Kb4 Kd7 65. Ka4 Kc6 66. Ka5 Ng3 67. Kb4 Ne4 68. Ka4 Kb6 69. Kb4 Kc6 70. Ka4 Nc3+ 71. Kb4 Ne4 72. Ka4 Kb6 73. Kb4 Kc6 74. Ka4 Nc3+ 75. Kb4 Ne4 76. Ka4 Nc3+ 77. Kb4 Ne4 78. Ka4 1/2-1/2

[Event "26th Klatovy B 2018"]
[Site "Klatovy CZE"]
[Date "2018.07.01"]
[Round "2.46"]
[White "Safarova, Magdalena"]
[Black "Vasko, Pavel"]
[Result "0-1"]
[WhiteElo "1172"]
[BlackElo "1610"]
[PlyCount "74"]
[EventDate "2018.06.30"]
[EventType "swiss"]
[EventRounds "9"]
[EventCountry "CZE"]

1. e4 e5 2. Nf3 Nf6 3. d3 Nc6 4. Nc3 Be7 5. Be2 O-O 6. h3 d5 7. O-O d4 8. Nb5 a6 9. Na3 h6 10. Nc4 Bd6 11. Nh4 Nxe4 12. Nf3 Nf6 13. Qd2 b6 14. Ng5 hxg5 15. Qxg5 Nh7 16. Qg3 b5 17. Bh6 Qf6 18. Bd2 bxc4 19. dxc4 Rb8 20. Qd3 Bf5 21. Qf3 Bxc2 22. Qxf6 Nxf6 23. Rfc1 d3 24. Bf3 e4 25. Bd1 Bxd1 26. Rxd1 Be5 27. Re1 Rxb2 28. Bg5 Rc2 29. Reb1 Bxa1 30. Rxa1 Nd4 31. Rd1 Rb8 32. Kh2 Rbb2 33. Be3 c5 34. Kg3 Nf5+ 35. Kf4 Nxe3 36. Kxe3 Rxc4 37. f3 Nd5# 0-1

[Event "26th Klatovy B 2018"]
[Site "Klatovy CZE"]
[Date "2018.07.01"]
[Round "2.47"]
[White "Zimovcak, Zdenek"]
[Black "Skalicky, Jindrich"]
[Result "1-0"]
[WhiteElo "1609"]
[BlackElo "1225"]
[PlyCount "75"]
[EventDate "2018.06.30"]
[EventType "swiss"]
[EventRounds "9"]
[EventCountry "CZE"]

1. e4 c5 2. c4 e5 3. Nf3 Nc6 4. Nc3 d6 5. d3 Qc7 6. g3 Nf6 7. Bg2 Be7 8. O-O Nd4 9. Nxd4 cxd4 10. Ne2 Bg4 11. h3 Bxe2 12. Qxe2 O-O 13. f4 Ne8 14. f5 Nf6 15. g4 Rfd8 16. g5 Nd7 17. Qg4 Rac8 18. f6 Bf8 19. fxg7 Bxg7 20. h4 Nc5 21. Qg3 Qa5 22. Bh3 Rc7 23. a3 Nb3 24. Rb1 Nxc1 25. Rfxc1 Re7 26. Qg2 Rf8 27. Bf5 f6 28. Kh1 fxg5 29. Qxg5 Rf6 30. Rg1 Kh8 31. Rg2 Qc7 32. Rbg1 Qd8 33. b4 b6 34. a4 a6 35. h5 Qc7 36. Qxf6 Rf7 37. Rxg7 Rxg7 38. Qf8+ 1-0

[Event "26th Klatovy B 2018"]
[Site "Klatovy CZE"]
[Date "2018.07.01"]
[Round "2.48"]
[White "Bastyr, Pavel"]
[Black "Devera, Filip"]
[Result "0-1"]
[WhiteElo "1469"]
[BlackElo "1209"]
[PlyCount "72"]
[EventDate "2018.06.30"]
[EventType "swiss"]
[EventRounds "9"]
[EventCountry "CZE"]

1. d4 e6 2. c4 d5 3. Nc3 c5 4. Nf3 Nc6 5. Bf4 Nf6 6. e3 Be7 7. Ne5 O-O 8. Nxc6 bxc6 9. Bd3 cxd4 10. exd4 Qb6 11. Qc2 Qxd4 12. Be3 Qe5 13. O-O g6 14. Bh6 Ng4 15. f4 Qe3+ 16. Kh1 Nxh6 17. Rae1 Qb6 18. cxd5 cxd5 19. Rf3 Bb7 20. Rh3 Ng4 21. Re2 f5 22. Rg3 Ba6 23. h3 Bxd3 24. Qxd3 Nf2+ 25. Rxf2 Qxf2 26. Nxd5 Bc5 27. Ne3 Bxe3 28. Rxe3 Rac8 29. Qb3 Rc1+ 30. Kh2 Qxf4+ 31. Rg3 Re1 32. Qb7 Rd8 33. Qe7 Rdd1 34. Qe8+ Kg7 35. Qe7+ Kh6 36. Qf8+ Kh5 0-1

[Event "26th Klatovy B 2018"]
[Site "Klatovy CZE"]
[Date "2018.07.01"]
[Round "2.49"]
[White "Valdman, Jakub"]
[Black "Kotal, Vit"]
[Result "0-1"]
[WhiteElo "1066"]
[BlackElo "1464"]
[PlyCount "42"]
[EventDate "2018.06.30"]
[EventType "swiss"]
[EventRounds "9"]
[EventCountry "CZE"]

1. e4 c5 2. Nf3 Nc6 3. Nc3 g6 4. Bc4 Bg7 5. d3 a6 6. Be3 Nd4 7. Bf4 d6 8. h3 e6 9. O-O Ne7 10. Re1 O-O 11. a3 b5 12. Ba2 Nec6 13. b3 Nxf3+ 14. Qxf3 Bxc3 15. Rab1 Bxe1 16. Rxe1 Nd4 17. Qg3 e5 18. Bg5 Qa5 19. f3 Qb6 20. Qh4 c4 21. Qh6 Nf5+ 0-1

[Event "26th Klatovy B 2018"]
[Site "Klatovy CZE"]
[Date "2018.07.01"]
[Round "2.50"]
[White "Vavrinkova, Anna"]
[Black "Barta, David"]
[Result "1/2-1/2"]
[WhiteElo "1463"]
[BlackElo "1176"]
[PlyCount "182"]
[EventDate "2018.06.30"]
[EventType "swiss"]
[EventRounds "9"]
[EventCountry "CZE"]

1. e4 c5 2. Nf3 d6 3. Bb5+ Bd7 4. Bxd7+ Qxd7 5. O-O Nc6 6. c3 Nf6 7. Re1 e6 8. d4 cxd4 9. cxd4 d5 10. e5 Ne4 11. Nbd2 Nxd2 12. Bxd2 g6 13. Bg5 Bg7 14. Qd2 Ne7 15. h3 Nf5 16. Qb4 a5 17. Qc5 Qc6 18. Qxc6+ bxc6 19. Rac1 Kd7 20. Rc2 Rhb8 21. Rec1 Rb6 22. Bd2 Bh6 23. Bxh6 Nxh6 24. Ng5 Nf5 25. Rd2 h6 26. Nf3 Rab8 27. b3 Rb4 28. g4 Ng7 29. Rc5 a4 30. bxa4 Rxa4 31. Rcc2 Ra3 32. Kg2 h5 33. Rb2 hxg4 34. hxg4 Rxb2 35. Rxb2 Ra4 36. Rb7+ Ke8 37. Rc7 Rxa2 38. Rxc6 Kd7 39. Rb6 Kc7 40. Rb4 Kc6 41. Ng5 Ra7 42. Rb3 Ne8 43. Rf3 Ra4 44. Rf4 Nc7 45. Rxf7 Nb5 46. Nxe6 Nxd4 47. Nxd4+ Rxd4 48. Rf6+ Kc5 49. Rxg6 Re4 50. e6 Kd6 51. Kf3 Re5 52. Kg3 d4 53. f4 Re2 54. Rh6 d3 55. Kf3 Re1 56. Rh2 Kd5 57. f5 Kd4 58. Kf4 Re2 59. Rh1 d2 60. Rd1 Kd3 61. Kg5 Kc2 62. Rxd2+ Kxd2 63. Kf6 Ke3 64. g5 Kf4 65. g6 Re5 66. e7 Rxf5+ 67. Kg7 Re5 68. Kf7 Rf5+ 69. Ke6 Re5+ 70. Kd6 Ke4 71. g7 Rd5+ 72. Kc6 Re5 73. g8=Q Rxe7 74. Qd5+ Kf4 75. Kd6 Re4 76. Qd2+ Re3 77. Kd5 Kf3 78. Qd1+ Kf2 79. Kd4 Re8 80. Qd2+ Re2 81. Qf4+ Ke1 82. Kd3 Re8 83. Qg3+ Kf1 84. Qf3+ Kg1 85. Qf7 Ra8 86. Ke2 Ra6 87. Qg7+ Kh2 88. Kf2 Kh3 89. Qh7+ Kg4 90. Qg7+ Kf5 91. Qd7+ Re6 1/2-1/2

[Event "26th Klatovy B 2018"]
[Site "Klatovy CZE"]
[Date "2018.07.01"]
[Round "2.51"]
[White "Malik, Zdenek"]
[Black "Zeman, Lukas"]
[Result "0-1"]
[WhiteElo "1607"]
[BlackElo "1460"]
[PlyCount "44"]
[EventDate "2018.06.30"]
[EventType "swiss"]
[EventRounds "9"]
[EventCountry "CZE"]

1. e4 d5 2. exd5 Qxd5 3. Nc3 Qa5 4. d4 c6 5. Nf3 Bg4 6. Bc4 e6 7. Bb3 Nf6 8. h3 Bh5 9. Bd2 Qc7 10. g4 Bg6 11. Ne5 Nbd7 12. Bf4 Bd6 13. Qd2 Nxe5 14. dxe5 Bxe5 15. Bxe5 Qxe5+ 16. Qe2 Qxe2+ 17. Nxe2 O-O-O 18. O-O Rd2 19. Ng3 Bxc2 20. Bc4 Bd3 21. Rfc1 Bxc4 22. Rxc4 Rxb2 0-1

[Event "26th Klatovy B 2018"]
[Site "Klatovy CZE"]
[Date "2018.07.01"]
[Round "2.52"]
[White "Souralova, Venuse"]
[Black "Vavrinkova, Marie"]
[Result "0-1"]
[WhiteElo "1453"]
[BlackElo "1132"]
[PlyCount "48"]
[EventDate "2018.06.30"]
[EventType "swiss"]
[EventRounds "9"]
[EventCountry "CZE"]

1. c4 c5 2. Nf3 Nf6 3. g3 e6 4. Bg2 Be7 5. O-O O-O 6. Nc3 d5 7. cxd5 exd5 8. d4 c4 9. Bg5 Be6 10. Bxf6 Bxf6 11. Ne5 Nd7 12. Nxd5 Nxe5 13. Nxf6+ Qxf6 14. dxe5 Qxe5 15. Qc2 Rab8 16. Rfd1 Rfc8 17. Rac1 b5 18. Qd2 b4 19. Bf3 g6 20. Qd4 Qxd4 21. Rxd4 c3 22. bxc3 bxc3 23. Rd3 c2 24. Rd2 Rb1 0-1

[Event "26th Klatovy B 2018"]
[Site "Klatovy CZE"]
[Date "2018.07.01"]
[Round "2.53"]
[White "Kura, Filip"]
[Black "Vilimek, Vit"]
[Result "1/2-1/2"]
[WhiteElo "1267"]
[BlackElo "1448"]
[PlyCount "77"]
[EventDate "2018.06.30"]
[EventType "swiss"]
[EventRounds "9"]
[EventCountry "CZE"]

1. e4 e5 2. Nf3 Nc6 3. Bc4 Nf6 4. d3 Be7 5. Nc3 O-O 6. O-O d6 7. Bg5 Bg4 8. h3 Bh5 9. Bb5 Nd4 10. Bc4 Nxf3+ 11. gxf3 d5 12. exd5 Nxd5 13. Bxe7 Nxe7 14. Re1 Ng6 15. Ne4 Nh4 16. Re3 Kh8 17. Ng3 Qg5 18. Kh2 f5 19. Qh1 f4 20. Ne4 Qg6 21. Rg1 Qf5 22. Rg5 Qd7 23. Rxh5 fxe3 24. Rxh4 Qd4 25. c3 Qb6 26. Ng5 h6 27. Nf7+ Kh7 28. Ng5+ Kg6 29. Ne4 Kh7 30. Ng5+ Kh8 31. Nf7+ Rxf7 32. Bxf7 e2 33. Qe1 Qf6 34. Re4 Qxf7 35. Qxe2 Re8 36. d4 Qxa2 37. Rxe5 Rxe5 38. Qxe5 Qxb2 39. Qe8+ 1/2-1/2

[Event "26th Klatovy B 2018"]
[Site "Klatovy CZE"]
[Date "2018.07.01"]
[Round "2.55"]
[White "Svejdar, Petr"]
[Black "Soucek, Jan"]
[Result "0-1"]
[WhiteElo "1163"]
[BlackElo "1440"]
[PlyCount "52"]
[EventDate "2018.06.30"]
[EventType "swiss"]
[EventRounds "9"]
[EventCountry "CZE"]

1. e4 e5 2. Nf3 Nc6 3. d4 exd4 4. Nxd4 Bc5 5. Be3 Qf6 6. c3 Nge7 7. Bc4 O-O 8. O-O Rd8 9. Nxc6 Qxc6 10. Bxc5 Qxc5 11. Qd4 Qxd4 12. cxd4 d5 13. exd5 Nxd5 14. Bxd5 Rxd5 15. Re1 Be6 16. Re4 Rad8 17. Na3 a6 18. Rd1 c5 19. Rde1 Rxd4 20. f3 Rxe4 21. fxe4 Rd2 22. Rc1 Rxb2 23. Rxc5 Rxa2 24. Nc4 Rc2 25. Rc7 Rxc4 26. Rxb7 h6 0-1

[Event "26th Klatovy B 2018"]
[Site "Klatovy CZE"]
[Date "2018.07.01"]
[Round "2.56"]
[White "Tomascik, Petr"]
[Black "Gorej, Vojtech"]
[Result "0-1"]
[WhiteElo "1427"]
[BlackElo "1633"]
[PlyCount "146"]
[EventDate "2018.06.30"]
[EventType "swiss"]
[EventRounds "9"]
[EventCountry "CZE"]

1. d4 d5 2. c4 dxc4 3. Nc3 c5 4. e4 e6 5. d5 exd5 6. Nxd5 Ne7 7. Bxc4 Nxd5 8. Qxd5 Qxd5 9. Bxd5 Nc6 10. Bxc6+ bxc6 11. Bd2 Be6 12. Bc3 f6 13. a3 Bb3 14. f3 Bd6 15. Ne2 Be5 16. Bxe5 fxe5 17. Nc1 Be6 18. b4 c4 19. Ne2 a5 20. Kf2 Ke7 21. Nc3 Rhd8 22. bxa5 Rxa5 23. a4 Rd2+ 24. Kg3 g5 25. h3 Rd3 26. Rhc1 h5 27. Rc2 h4+ 28. Kh2 Kd6 29. Rb1 Kc7 30. Rbb2 Bf7 31. Rb1 Ra6 32. Ra1 Rb6 33. a5 Rb3 34. a6 Kb8 35. Ne2 Ka7 36. Nc1 Rdc3 37. Nxb3 Rxc2 38. Nc5 c3 39. Nd3 Ra2 40. Rc1 c2 41. Nxe5 Bb3 42. Nxc6+ Kb6 43. Nd4 Ba4 44. a7 Kxa7 45. Ne2 Rb2 46. Nc3 Bb3 47. e5 Kb6 48. e6 Kc6 49. e7 Kd7 50. Re1 Ke8 51. Rc1 Kxe7 52. g3 Bc4 53. f4 gxf4 54. gxf4 Bd3 55. Kg2 Rb3 56. Re1+ Kf7 57. Na2 Rb1 58. Nc1 Bg6 59. Kf3 Bh5+ 60. Kg2 Bd1 61. Nd3 c1=Q 62. Nxc1 Rxc1 63. Rg1 Bf3+ 64. Kf2 Rxg1 65. Kxg1 Kf6 66. Kf2 Be4 67. Kg1 Kf5 68. Kf1 Kxf4 69. Kf2 Bf3 70. Kf1 Kg3 71. Kg1 Kxh3 72. Kf2 Kg4 73. Kf1 h3 0-1

[Event "26th Klatovy B 2018"]
[Site "Klatovy CZE"]
[Date "2018.07.01"]
[Round "2.57"]
[White "Roubal, Matyas"]
[Black "Ruzickova, Helena"]
[Result "0-1"]
[WhiteElo "1100"]
[BlackElo "1422"]
[PlyCount "142"]
[EventDate "2018.06.30"]
[EventType "swiss"]
[EventRounds "9"]
[EventCountry "CZE"]

1. e4 g6 2. e5 d6 3. Nf3 dxe5 4. Nxe5 Bg7 5. Nf3 Nc6 6. Bb5 Bd7 7. Nc3 Nf6 8. d3 a6 9. Bxc6 Bxc6 10. Be3 O-O 11. Qe2 Re8 12. O-O-O b5 13. Ne4 Nd5 14. c4 Nxe3 15. Qxe3 bxc4 16. dxc4 Qb8 17. b3 Qb4 18. Rd2 Bxe4 19. Qxe4 Bh6 20. Rhd1 Bxd2+ 21. Rxd2 Qc3+ 22. Rc2 Qa1+ 23. Kd2 Rad8+ 24. Ke3 Rd6 25. Kf4 Qf6+ 26. Kg3 e5 27. Re2 Rde6 28. Qh4 Qf4+ 29. Kh3 Qxh4+ 30. Kxh4 e4 31. Ng5 Re5 32. f4 exf3 33. Rxe5 Rxe5 34. Nxf3 Re2 35. Nd4 Rxg2 36. h3 h6 37. Nc6 Kg7 38. Ne5 Rxa2 39. Nd3 f5 40. Nc1 Rg2 41. Nd3 Kf6 42. b4 Rd2 43. Nf4 Rd4 44. Kg3 Rxc4 45. h4 Rxb4 46. Nd5+ Ke5 47. Nxb4 a5 48. Nc6+ Ke4 49. Nxa5 f4+ 50. Kf2 g5 51. hxg5 hxg5 52. Nc4 g4 53. Nd2+ Kd3 54. Nf1 c5 55. Ke1 g3 56. Nd2 c4 57. Nxc4 Kxc4 58. Kf1 Kd4 59. Kg2 Ke3 60. Kg1 f3 61. Kf1 g2+ 62. Kg1 Ke2 63. Kh2 Kf1 64. Kg3 f2 65. Kf3 g1=Q 66. Ke3 Ke1 67. Kd3 f1=Q+ 68. Kc3 Qe3+ 69. Kb4 Qff4+ 70. Kb5 Qd6 71. Kc4 Qdc5# 0-1

[Event "26th Klatovy B 2018"]
[Site "Klatovy CZE"]
[Date "2018.07.01"]
[Round "2.58"]
[White "Kadlec, Rudolf"]
[Black "Dolezal, Martin 1998"]
[Result "0-1"]
[WhiteElo "1420"]
[BlackElo "1247"]
[PlyCount "116"]
[EventDate "2018.06.30"]
[EventType "swiss"]
[EventRounds "9"]
[EventCountry "CZE"]

1. e4 e5 2. d4 d6 3. dxe5 dxe5 4. Qxd8+ Kxd8 5. Bc4 f6 6. Nc3 Bb4 7. Bd2 f5 8. O-O-O f4 9. Nf3 Bg4 10. Bxf4+ Ke8 11. Bxe5 Nf6 12. Bxc7 Nbd7 13. Bd6 Bxc3 14. bxc3 Nxe4 15. Rhf1 Nxd6 16. Rxd6 Rc8 17. Re1+ Kf8 18. Re4 Bxf3 19. gxf3 Nf6 20. Red4 Ke7 21. Re6+ Kf8 22. Red6 Ke7 23. Re6+ Kf8 24. Re3 Re8 25. Rxe8+ Kxe8 26. Bb5+ Ke7 27. Bd3 Rd8 28. Rc4 Kd6 29. Be4 b6 30. Rd4+ Ke7 31. Rxd8 Kxd8 32. Kd2 Kd7 33. Ke3 Ke6 34. f4 h6 35. f5+ Ke5 36. f4+ Kd6 37. Kd4 Nh5 38. Ke3 Nf6 39. c4 Ng4+ 40. Kf3 Nf6 41. a4 Kc5 42. Bd3 Kd4 43. h3 Kc3 44. Ke3 Nh5 45. Ke4 Kb4 46. Ke5 Kxa4 47. h4 Kb4 48. Ke6 a5 49. Kf7 a4 50. Kg6 a3 51. Kxh5 a2 52. f6 gxf6 53. Kg6 a1=Q 54. f5 Kc5 55. Kxh6 Qg1 56. Kh5 Kd6 57. Kh6 Qg4 58. h5 Ke7 0-1

[Event "26th Klatovy B 2018"]
[Site "Klatovy CZE"]
[Date "2018.07.01"]
[Round "2.59"]
[White "Garabik, Marek"]
[Black "Cinkova, Vicky"]
[Result "1-0"]
[WhiteElo "1399"]
[BlackElo "1133"]
[PlyCount "135"]
[EventDate "2018.06.30"]
[EventType "swiss"]
[EventRounds "9"]
[EventCountry "CZE"]

1. e4 c5 2. Nf3 g6 3. d4 cxd4 4. Nxd4 Nc6 5. Nc3 Bg7 6. Be3 Nf6 7. f3 O-O 8. Qd2 d6 9. O-O-O Nxd4 10. Bxd4 Bd7 11. Be3 Re8 12. g4 a5 13. h4 h5 14. g5 Nh7 15. Bd4 e5 16. Be3 Rc8 17. Bb5 Re6 18. Bxd7 Qxd7 19. Nd5 Qc6 20. Rde1 b5 21. Rh2 b4 22. Rd1 Qc4 23. b3 Qc6 24. Re2 Ra8 25. Nb6 Rb8 26. Nc4 a4 27. Qd5 Qa6 28. Qa5 Qxa5 29. Nxa5 Ra8 30. Nc4 axb3 31. cxb3 Rc8 32. Red2 Bf8 33. Kb2 Rd8 34. Bb6 Rb8 35. Bc7 Rc8 36. Bxd6 f6 37. gxf6 Rxf6 38. Bxf8 Rfxf8 39. Nxe5 Kg7 40. Rd7+ Kg8 41. Nxg6 Nf6 42. Nxf8 Rxf8 43. Rd8 Ne8 44. R1d7 Nf6 45. Rxf8+ Kxf8 46. Rb7 Ne8 47. f4 Nd6 48. Rb8+ Ke7 49. e5 Nf5 50. Rh8 Nxh4 51. Rxh5 Ng6 52. Rf5 Ke6 53. Rf6+ Ke7 54. Rxg6 Kf8 55. e6 Ke7 56. f5 Kf8 57. f6 Ke8 58. e7 Kf7 59. Rg7+ Kxf6 60. e8=Q Kxg7 61. Kc2 Kh7 62. Qf8 Kg6 63. Kd3 Kh7 64. Ke4 Kg6 65. Qf1 Kg5 66. Qf5+ Kh4 67. Qg6 Kh3 68. Kf3 1-0

[Event "26th Klatovy B 2018"]
[Site "Klatovy CZE"]
[Date "2018.07.01"]
[Round "2.60"]
[White "Janous, Marek"]
[Black "Vesely, Jan"]
[Result "1-0"]
[WhiteElo "1394"]
[BlackElo "1112"]
[PlyCount "107"]
[EventDate "2018.06.30"]
[EventType "swiss"]
[EventRounds "9"]
[EventCountry "CZE"]

1. e4 e5 2. Nf3 Nc6 3. d4 f6 4. dxe5 fxe5 5. Bc4 Nf6 6. Bg5 Be7 7. Nc3 d6 8. h3 Na5 9. Bb5+ Nc6 10. Bxf6 Bxf6 11. Qd5 Bd7 12. O-O Nb4 13. Bxd7+ Qxd7 14. Qxb7 O-O 15. Qxb4 Rad8 16. Qc4+ Kh8 17. b3 Rf7 18. Nd5 Rdf8 19. Rad1 Be7 20. Qxc7 Qe6 21. Nxe7 Rxe7 22. Qxd6 Qxd6 23. Rxd6 h6 24. Rfd1 Rff7 25. c4 Kh7 26. c5 Rc7 27. b4 Rfe7 28. a4 a5 29. bxa5 Rxc5 30. R6d5 Rcc7 31. a6 Ra7 32. Rd6 Re8 33. Rb1 Ree7 34. Kf1 Kg8 35. Rdb6 Re8 36. Rb8 Rxb8 37. Rxb8+ Kh7 38. Rb6 Kg8 39. Nxe5 Kh7 40. Nc6 Ra8 41. a7 Rc8 42. Rb8 Rxc6 43. a8=Q Rc1+ 44. Ke2 Rc2+ 45. Kf3 Rc3+ 46. Kg4 h5+ 47. Kxh5 Rc5+ 48. Kg4 Rc4 49. Rh8+ Kg6 50. Qa6+ Kf7 51. Qxc4+ Kf6 52. Rf8+ Kg6 53. Qf7+ Kh6 54. Qh5# 1-0

[Event "26th Klatovy B 2018"]
[Site "Klatovy CZE"]
[Date "2018.07.01"]
[Round "2.61"]
[White "Stanke, Petr"]
[Black "Souralova, Jana"]
[Result "1-0"]
[WhiteElo "1378"]
[BlackElo "1100"]
[PlyCount "91"]
[EventDate "2018.06.30"]
[EventType "swiss"]
[EventRounds "9"]
[EventCountry "CZE"]

1. e4 e5 2. Nf3 Nc6 3. d4 d6 4. Bb5 Nf6 5. d5 a6 6. Ba4 b5 7. dxc6 bxa4 8. Bg5 Bg4 9. Nc3 Be7 10. Bxf6 Bxf6 11. Nxa4 O-O 12. O-O Bh4 13. Qd3 Rb8 14. b3 Qf6 15. Nxh4 Qxh4 16. Qg3 Qxg3 17. fxg3 Be2 18. Rfe1 Bb5 19. Nc3 Bxc6 20. Nd5 Bxd5 21. exd5 Rb5 22. Rad1 Rc5 23. Rd2 Re8 24. Re4 h6 25. b4 f5 26. bxc5 fxe4 27. Re2 dxc5 28. Rxe4 Kf7 29. Kf2 Kf6 30. Rc4 e4 31. Ke3 Re5 32. Rxc5 Re7 33. Rc6+ Ke5 34. c4 a5 35. a4 Kf5 36. Rc5 g5 37. d6+ Re5 38. Rxe5+ Kxe5 39. dxc7 Kd6 40. c8=Q Ke7 41. Qc6 h5 42. Kxe4 h4 43. Kf5 hxg3 44. Qc7+ Ke8 45. Kf6 gxh2 46. Qe7# 1-0

[Event "26th Klatovy B 2018"]
[Site "Klatovy CZE"]
[Date "2018.07.01"]
[Round "2.62"]
[White "Skutil, Frantisek Elias"]
[Black "Stanke, Vilem"]
[Result "0-1"]
[WhiteElo "1100"]
[BlackElo "1366"]
[PlyCount "58"]
[EventDate "2018.06.30"]
[EventType "swiss"]
[EventRounds "9"]
[EventCountry "CZE"]

1. e4 e5 2. Nf3 Nc6 3. d4 exd4 4. Nxd4 Nxd4 5. Qxd4 c5 6. Qc4 Nf6 7. Nc3 d6 8. Be2 Be6 9. Qb5+ Qd7 10. Bg5 Qxb5 11. Bxb5+ Nd7 12. O-O-O f6 13. Bf4 a6 14. Ba4 b5 15. Bxb5 axb5 16. Nxb5 Rxa2 17. Nc7+ Kf7 18. Rhe1 Ra1+ 19. Kd2 Rxd1+ 20. Rxd1 g5 21. Bg3 f5 22. Kc3 f4 23. Bxf4 gxf4 24. Rd3 Ke7 25. Rf3 Bg7+ 26. Kd2 Bh6 27. Ke2 Bg4 28. Nd5+ Ke6 29. Nc7+ Ke5 0-1

[Event "26th Klatovy B 2018"]
[Site "Klatovy CZE"]
[Date "2018.07.01"]
[Round "2.63"]
[White "Prazak, Daniel"]
[Black "Zeman, Jiri 2004"]
[Result "1-0"]
[WhiteElo "1364"]
[BlackElo "1093"]
[PlyCount "91"]
[EventDate "2018.06.30"]
[EventType "swiss"]
[EventRounds "9"]
[EventCountry "CZE"]

1. e4 e5 2. Nf3 Nc6 3. Bb5 Nf6 4. O-O Nxe4 5. d4 Nxd4 6. Nxd4 exd4 7. Re1 Qh4 8. g3 Qf6 9. Rxe4+ Be7 10. Qxd4 O-O 11. Qxf6 Bxf6 12. Nc3 c6 13. Bd3 d5 14. Re1 Bh3 15. Bf4 d4 16. Ne4 Bd8 17. Ng5 Bxg5 18. Bxg5 h6 19. Bd2 Rfe8 20. Bf1 Bxf1 21. Kxf1 c5 22. Rxe8+ Rxe8 23. Re1 Kf8 24. Rxe8+ Kxe8 25. Kg2 Ke7 26. Bf4 c4 27. Kf3 Ke6 28. Ke4 c3 29. b3 d3 30. Kxd3 Kf5 31. Kxc3 g5 32. Be3 Kg4 33. h4 h5 34. Bxg5 Kf3 35. Be3 f5 36. Kd4 f4 37. gxf4 Kg4 38. Ke5 Kxh4 39. f5 Kg4 40. f6 h4 41. f7 h3 42. Bf4 Kf3 43. f8=Q Kg2 44. Ke4 h2 45. Qg7+ Kh3 46. Qg3# 1-0

[Event "26th Klatovy B 2018"]
[Site "Klatovy CZE"]
[Date "2018.07.01"]
[Round "2.64"]
[White "Stastny, Simon"]
[Black "Kalista, Frantisek"]
[Result "1-0"]
[WhiteElo "1092"]
[BlackElo "1360"]
[PlyCount "85"]
[EventDate "2018.06.30"]
[EventType "swiss"]
[EventRounds "9"]
[EventCountry "CZE"]

1. e4 e6 2. d4 d5 3. exd5 exd5 4. c4 c6 5. Nc3 Nf6 6. Nf3 Nbd7 7. Be2 Be7 8. O-O O-O 9. Qb3 Qb6 10. Qxb6 Nxb6 11. cxd5 Nbxd5 12. Bc4 Nxc3 13. bxc3 b5 14. Bb3 Bb7 15. Re1 Rfe8 16. Ng5 Nd5 17. c4 bxc4 18. Bxc4 f6 19. Ne6 Rac8 20. Nc5 Bxc5 21. Rxe8+ Rxe8 22. dxc5 Re1+ 23. Bf1 Nc3 24. Bb2 Rxa1 25. Bxa1 Nxa2 26. Bc4+ Kf8 27. Bxa2 Bc8 28. g3 Ke7 29. Kg2 g6 30. h3 h5 31. f3 f5 32. f4 Kd7 33. Bf7 Kc7 34. Bxg6 Kb7 35. Bxh5 Ka6 36. g4 fxg4 37. Bxg4 Bxg4 38. hxg4 Kb5 39. Bd4 a5 40. g5 Kc4 41. g6 Kxd4 42. g7 Kxc5 43. g8=Q 1-0

[Event "26th Klatovy B 2018"]
[Site "Klatovy CZE"]
[Date "2018.07.01"]
[Round "2.65"]
[White "Filip, Petr 1952"]
[Black "Skrivan, Matej 2008"]
[Result "1-0"]
[WhiteElo "1354"]
[BlackElo "1056"]
[PlyCount "47"]
[EventDate "2018.06.30"]
[EventType "swiss"]
[EventRounds "9"]
[EventCountry "CZE"]

1. e4 c5 2. c4 Nc6 3. Nf3 g6 4. d4 Bg7 5. Be3 e5 6. dxc5 Nb4 7. Qd2 Na6 8. b4 b6 9. b5 bxc5 10. bxa6 Bxa6 11. Bxc5 Rc8 12. Bd6 Bxc4 13. Bxc4 Rxc4 14. O-O Bh6 15. Qd3 Rc1 16. Rxc1 Bxc1 17. Nbd2 Bb2 18. Rb1 Qc8 19. Bxe5 Bxe5 20. Nxe5 Qc7 21. Rb5 Nf6 22. Qa3 Qc2 23. Rb8+ Qc8 24. Rxc8# 1-0

[Event "26th Klatovy B 2018"]
[Site "Klatovy CZE"]
[Date "2018.07.01"]
[Round "2.66"]
[White "Bukvaj, Jan"]
[Black "Koci, Milos"]
[Result "0-1"]
[WhiteElo "1051"]
[BlackElo "1345"]
[PlyCount "86"]
[EventDate "2018.06.30"]
[EventType "swiss"]
[EventRounds "9"]
[EventCountry "CZE"]

1. e4 c5 2. Nf3 e6 3. c3 a6 4. Be2 d6 5. d4 cxd4 6. cxd4 Nf6 7. Nc3 Be7 8. Bf4 Nbd7 9. Bc4 Qc7 10. Be2 b5 11. Qd3 Bb7 12. O-O O-O 13. Rfd1 Rac8 14. Rac1 Qb8 15. e5 Nd5 16. Nxd5 Bxd5 17. Rxc8 Rxc8 18. exd6 Bxd6 19. Bxd6 Qxd6 20. b3 Nf6 21. h3 Be4 22. Qd2 h6 23. Rc1 Qd7 24. Rxc8+ Qxc8 25. Bd3 Bxd3 26. Qxd3 Qc1+ 27. Qf1 Qb2 28. a4 Qxb3 29. axb5 Qxb5 30. Qxb5 axb5 31. Nd2 Nd5 32. Kf1 Kf8 33. Ke2 Ke7 34. Kd3 Kd6 35. Ne4+ Ke7 36. g3 f5 37. Nc5 h5 38. f3 g5 39. h4 gxh4 40. gxh4 Nf4+ 41. Ke3 Ng2+ 42. Kf2 Nxh4 43. Kg3 Ng6 0-1

[Event "26th Klatovy B 2018"]
[Site "Klatovy CZE"]
[Date "2018.07.01"]
[Round "2.67"]
[White "Berkovec, Jakub"]
[Black "Filip, Stepan"]
[Result "0-1"]
[WhiteElo "1000"]
[BlackElo "1307"]
[PlyCount "90"]
[EventDate "2018.06.30"]
[EventType "swiss"]
[EventRounds "9"]
[EventCountry "CZE"]

1. e4 d5 2. exd5 Qxd5 3. Nc3 Qa5 4. d4 c6 5. Bd2 Qc7 6. Bd3 Nf6 7. Qe2 Bg4 8. f3 Bh5 9. g4 Bg6 10. h4 Bxd3 11. Qxd3 Nbd7 12. O-O-O e6 13. Be3 Bd6 14. Nh3 O-O-O 15. Rhg1 Nb6 16. f4 c5 17. Ne4 cxd4 18. Bxd4 Bxf4+ 19. Nxf4 Qxf4+ 20. Nd2 Qxd4 21. Qxd4 Rxd4 22. g5 Nh5 23. Rdf1 Rhd8 24. Nf3 R4d7 25. Ne5 Rd4 26. Nxf7 R8d7 27. Ne5 Rd8 28. b3 Rf4 29. Nf3 Rdf8 30. Kd2 Rxf3 31. Rxf3 Rxf3 32. Re1 Kd7 33. Ke2 Rf5 34. Rd1+ Ke7 35. c4 Ng3+ 36. Ke1 e5 37. c5 Nd7 38. Rd5 e4 39. Rxf5 Nxf5 40. b4 Nxh4 41. a4 Ne5 42. b5 Nhf3+ 43. Ke2 Nxg5 44. a5 Kd7 45. b6 a6 0-1